Just 3 Words: Novels Quiz Stats

Quiz Updated Aug 6, 2014

Challenge
Share
Tweet
Embed
Score 0/30 Timer 05:00
2 Plays Today
3 Words Novel % Correct
Transylvania. Vampire. Stake.Dracula
86.2%
Paris. Bell. Deformed.The Hunchback of Notre-Dame
86.1%
Shark. Tourists. Eats.Jaws
84.5%
Spider. Pig. Death.Charlotte's Web
81.5%
Boy. Forever. Pirates.Peter Pan
80.9%
Nanny. Umbrella. Fly.Mary Poppins
80%
Boy. Lifeboat. Tiger.Life of Pi
79.8%
Boys. Stranded. Conch.Lord of the Flies
78.2%
Dinosaur. Clone. Attraction.Jurassic Park
74.3%
River. Slave. Mississippi.Adventures of Huckleberry Finn
71%
Puritan. Adultery. Shame.The Scarlet Letter
70.7%
Orphan. Workhouse. Pickpocket.Oliver Twist
70.3%
Districts. Lottery. Tributes.The Hunger Games
69.2%
Farmers. Depression. Dust.The Grapes of Wrath
68.2%
Dystopian. Doublethink. Rats.Nineteen Eighty-Four
66.8%
3 Words Novel % Correct
South. Tara. Confederate.Gone with the Wind
66.5%
Professor. Underage. Girl.Lolita
62%
Race. Lawyer. Maycomb.To Kill a Mockingbird
59.9%
Grail. Mystery. Cryptex.The Da Vinci Code
55.2%
Wager. Circumnavigate. London.Around the World in Eighty Days
54.5%
Wealth. Bootlegging. Obsessed.The Great Gatsby
50.8%
Firemen. Burning. Books.Fahrenheit 451
50.2%
Soviet. Submarine. Defector.The Hunt for Red October
48.1%
Hotel. Insane. Topiary.The Shining
45.6%
Rabbits. Warren. Does.Watership Down
45%
Physician. Russia. Romance.Doctor Zhivago
42.1%
Bird. Statuette. Detective.The Maltese Falcon
41.5%
Prisoner. Asylum. Faking.One Flew Over the Cuckoo's Nest
41.3%
Violence. Nadsat. Droogs.A Clockwork Orange
36%
Man. Vermin. Transformation.The Metamorphosis
34.1%

You're not logged in!

Compare scores with friends on all Sporcle quizzes.
Sign Up with Email
OR
Log In

You Might Also Like...

Show Comments

Extras

Top Quizzes Today


Score Distribution

Your Account Isn't Verified!

In order to create a playlist on Sporcle, you need to verify the email address you used during registration. Go to your Sporcle Settings to finish the process.